000 00309nam a2200121Ia 4500
008 190216s9999||||xx |||||||||||||| ||und||
100 _aLloyd N Ferguson
245 0 _aText Book Of Organic Chemistry
260 _bAffiliated East West Press
_c1976
300 _a754p
650 _aOrganic Chemistry
942 _cBK
999 _c2035
_d2035